<?xml version="1.0" encoding="UTF-8"?>
<marc:record xmlns:marc="http://www.loc.gov/MARC21/slim">
   <marc:leader>00000nam a2200000 a 4500</marc:leader>
   <marc:datafield ind1="1" ind2=" " tag="100">
      <marc:subfield code="a">OSBORNE Mary Pope</marc:subfield>
      <marc:subfield code="4">aut</marc:subfield>
      <marc:subfield code="e">Verfasser/-in</marc:subfield>
   </marc:datafield>
   <marc:datafield ind1="0" ind2="0" tag="245">
      <marc:subfield code="a">Das magische Baumhaus Bd. 46. Pandas in großer Gefahr</marc:subfield>
   </marc:datafield>
   <marc:datafield ind1="0" ind2="0" tag="245">
      <marc:subfield code="c">Aus dem Amerikan. übers. von Sandra Margineanu</marc:subfield>
   </marc:datafield>
   <marc:datafield ind1=" " ind2="1" tag="264">
      <marc:subfield code="a">Bindlach</marc:subfield>
      <marc:subfield code="b">Loewe</marc:subfield>
      <marc:subfield code="c">2013</marc:subfield>
   </marc:datafield>
   <marc:datafield ind1="1" ind2=" " tag="490">
      <marc:subfield code="a">Das magische Baumhaus / Mary Pope Osborne</marc:subfield>
   </marc:datafield>
   <marc:datafield ind1=" " ind2=" " tag="250">
      <marc:subfield code="a">1. Aufl.</marc:subfield>
   </marc:datafield>
   <marc:datafield ind1="1" ind2=" " tag="520">
      <marc:subfield code="a">Auf der Suche nach dem letzten fehlenden Gegenstand, um Merlins Pinguin zu befreien, landen Anne und Philipp mit dem Baumhaus in China. Anne ist ganz aufgeregt, denn hier gibt es eine Panda-Aufzuchtstation! Beim Anblick der kleinen Panda-Babys vergisst sie beinahe ihre Aufgabe. Als dann noch ein heftiges Erdbeben das Land erschüttert und einige der Pandas verschwinden, gerät ihre Mission in Gefahr. Können die beiden die Pandas retten und den magischen Gegenstand finden?</marc:subfield>
   </marc:datafield>
   <marc:datafield ind1=" " ind2=" " tag="020">
      <marc:subfield code="a">9783785576830</marc:subfield>
      <marc:subfield code="9">9783785576830</marc:subfield>
   </marc:datafield>
   <marc:datafield ind1=" " ind2=" " tag="041">
      <marc:subfield code="a">ger</marc:subfield>
   </marc:datafield>
   <marc:datafield ind1="1" ind2=" " tag="521">
      <marc:subfield code="a">0</marc:subfield>
   </marc:datafield>
   <marc:datafield ind1=" " ind2=" " tag="300">
      <marc:subfield code="a">125 S. : zahlr. Ill.</marc:subfield>
   </marc:datafield>
</marc:record>
